Bible Story For Boys / (Record no. 48572)
| 000 -LEADER | |
|---|---|
| fixed length control field | 00308nam a2200109 4500 |
| 020 ## - INTERNATIONAL STANDARD BOOK NUMBER | |
| International Standard Book Number | 9781786925572 |
| 100 ## - MAIN ENTRY--PERSONAL NAME | |
| Personal name | Machell, Dawn, |
| Relator term | illustrator. |
| 9 (RLIN) | 86109 |
| 245 ## - TITLE STATEMENT | |
| Title | Bible Story For Boys / |
| Statement of responsibility, etc | illustrated by Michell Dawn. |
| 260 ## - PUBLICATION, DISTRIBUTION, ETC. (IMPRINT) | |
| Place of publication, distribution, etc | UK. : |
| Name of publisher, distributor, etc | Make Believe Ideas. ; |
| Date of publication, distribution, etc | 2007. |
| 300 ## - PHYSICAL DESCRIPTION | |
| Extent | unpaged. |
| 942 ## - ADDED ENTRY ELEMENTS (KOHA) | |
| Source of classification or shelving scheme | |
| Koha item type | Board Book |
| Withdrawn status | Lost status | Source of classification or shelving scheme | Damaged status | Not for loan | Home library | Current library | Date acquired | Total Checkouts | Full call number | Barcode | Date last seen | Date checked out | Price effective from | Koha item type |
|---|---|---|---|---|---|---|---|---|---|---|---|---|---|---|
| Logos International School | Logos International School | 03/11/2025 | 2 | BB MAC | 040500 | 01/23/2026 | 11/24/2025 | 03/11/2025 | Board Book |